000
00298nam a22001217a 4500
082
_a
001
_b
ILI/T
100
_a
ILIAN,GEORGE
245
_a
TOP VISIONARIES WHO CHANGED THE WORLD
260
_a
STAMFORD
_b
JAICO PUBLISHING
300
_a
154
650
_a
LIFE AND BUSINESS LESSONS
_z
STAMFORD
942
_c
BK
999
_c
5571
_d
5571